| 000 | 01164nam a2200289Ia 4500 | ||
|---|---|---|---|
| 003 | OSt | ||
| 005 | 20200924120251.0 | ||
| 008 | 191128s2013 ck a gr 000 0 spa d | ||
| 020 | _a9789583048982 | ||
| 040 |
_aCO-JMCR _cCO-JMCR |
||
| 041 | 1 |
_aspa _heng |
|
| 082 | 0 | 4 |
_a567.91 / _bH318d _223 |
| 100 | 1 |
_aHarrison, Paul, _eautor _910798 |
|
| 245 | 0 |
_aDinosaurios gigantes / _cPaul Harrison ; edición, Leonardo Realpe Bolaños ; traducción del inglés, Yaneth Camargo Almeida |
|
| 250 | _aPrimera edición | ||
| 260 |
_aBogotá : _bPanamericana, _c2013. |
||
| 300 |
_a[14] páginas : _bilustraciones a color ; _c 28 cm + gafas en 3D. |
||
| 490 | 0 | _aSuspenso en 3D | |
| 520 | 0 | _aRetira las gafas 3D incluidas en este libro y prepárate para un espectacular encuentro tridimensional con los dinosaurios gigantes. | |
| 534 | _pGiant dinosaurs | ||
| 546 | _aTraducido del inglés | ||
| 650 | 2 | 4 |
_aDinosaurios _xhábitos y conducta _vliteratura juvenil _910799 |
| 650 | 2 | 4 |
_aDinosaurios _xHistoria _vliteratura juvenil _910800 |
| 700 | 1 |
_aRealpe Bolaños, Leonardo, _eeditor _910801 |
|
| 700 | 1 |
_aCamargo Almeida, Yaneth, _etraductora _910802 |
|
| 942 |
_2ddc _cBK |
||
| 999 |
_c3776 _d3776 |
||